000 00905nam a2200313Ia 4500
005 20250425162535.0
008 250425s9999 xx 000 0 und d
020 _a9786074816419
041 _aspa
043 _amx
082 _a519
100 _aANDERSON, DAVID R.
245 0 _aESTADISTICA PARA NEGOCIOS Y ECONOMIA
250 _a11A ED.
260 _aMéxico
_bANDERSON, DAVID R., SWEENEY J., WILLIAMS , THOMAS A.
_c2012
260 _aS.L.
_bCENGAGE LEARNING
300 _a1080
500 _aTítulo Traducido: STATISTICS FOR BUSINESS AND ECONOMICS
650 _aECONOMIA-METODOS ESTADISTICOS
650 _aECONOMIA-METODOS ESTADISTICOS
650 _aESTADISTICA
650 _aESTADISTICA
650 _aESTADISTICA COMERCIAL
650 _aESTADISTICA COMERCIAL
700 _aLORENA PERALTA ROSALES
_etraductor
710 _aCENGAGE LEARNING
942 _c01
010 _a84312
999 _c231311
_d231311